000
00316nam a2200133Ia 4500
008
260604s9999 xx 000 0 und d
020
_a
9781836595199
082
_a
158.1 NGU
100
_a
By natalie nguyen
_9
35670
245
0
_a
Abnormal Psychology.
260
_b
Ed-Tech Press
500
_a
Psychology
942
_c
BK
999
_c
8494
_d
8494